000 00349nam a2200109Ia 4500
008 171204s9999 xx 000 0 und d
245 _aVideoland: Movie Culture at the American Video Store:
245 _cDaniel Herbert
260 _c2014
650 _xVIDEO PRODUCTION AND DIRECTION
856 _uhttp://down.ebook777.com/033/0520279638_Videoland.pdf
999 _c346210
_d346210